000 00581nam a2200181Ia 4500
008 090124s9999 xx 000 0 und d
082 _b30541
100 _aशिरवाडकर वसंत
245 _a माणूस कसा झाला
250 _a1
260 _bपृथ्वी प्रकाशन
_c1984
300 _a60
600 _aशिरवाडकर वसंत
630 _a माणूस कसा झाला
700 _aशिरवाडकर वसंत
730 _a माणूस कसा झाला
942 _cBOOK
999 _c96953
_d96953